01266nam a2200301Ia 450000500170000000800410001702000340005802000300009208200180012210000300014024500800017025000360025030000250028649000380031150000340034953400190038365001010040270000330050394200120053626400200054833600270056833700330059533800280062804000350065699900150069195201250070695201330083120220317001357.0161108s9999 sp g 000 0 spa  a9788420643502 (obra completa) a9788420643496 (volumen 2)04a292.13bG71m31 aGraves, Robertd1895-198514aLos mitos griegos, 2 cRobert Graves ; traducción de Esther Gómez Parro a4a. ediciónb1a reimpresión a600 páginasc18 cm aEl libro de bolsillophumanidades aIncluye índice onomástico tThe Geek myths aMitologia Griega / Culto Griego / Leyendas Griegas / Religion Primitiva / Autores Ingleses2LEMB1 aGómez Parro, Esther971643 2ddccBK aMadridbAlianza atextobtxt2rdacontent asin mediaciónbn2rdamedia avolumenbnc2rdacarrier aCO-BoRNBPbspaerdacCO-BoRNBP c6784d6784 00102ddc4070aMECASARIbMECASARId2024-11-10l0o292.13 - G71M1pBM0001121r2024-11-10 17:15:08tEj.1w2024-11-10yBK 00102ddc40708GENaMEMAPJGAbMEMAPJGAcGENd2025-07-14l0o292.13 G71m3pMPJG00374r2025-07-14 10:08:12tEj.1w2025-07-14yBK